[Event "ESP-chT Div I 2018"]
[Site "Linares"]
[Date "2018.08.12"]
[Round "7"]
[White "Alsina Leal, Daniel"]
[Black "Espinosa Aranda, Angel"]
[Result "1/2-1/2"]
[WhiteElo "2480"]
[BlackElo "2451"]
[Annotator "TA"]
[PlyCount "88"]
[EventDate "2018.08.06"]
[EventType "team-tourn"]
[EventCountry "ESP"]
[SourceTitle "playchess.com"]
[Source "ChessBase"]
[SourceQuality "1"]

{[%evp 16,88,22,8,16,8,14,0,9,4,18,22,52,30,31,32,58,53,50,55,52,47,64,58,58,36,42,44,61,66,48,47,51,43,27,16,19,20,77,32,118,106,243,243,246,92,89,84,125,125,213,209,205,189,217,27,65,0,227,208,208,152,125,53,53,51,47,62,62,0,0,0,0,0,0]} 1. e4 e6 2. d4 d5 3. Nd2 c5 4. exd5 Qxd5 5. Ngf3 cxd4 6. Bc4 Qd8 7. O-O Nc6 {C07: French Tarrasch: 3...c5, 4 Ngf3 and 4 exd5 Qxd5} 8. Qe2 (8. Nb3 a6 9. Nbxd4 Nxd4 10. Nxd4 Qc7 11. Bd3 Nf6 12. Re1 Bd6 13. h3 O-O 14. Bg5 Be5 15. c3 h6 16. Nf3 Bxc3 {1-0 (51) Mamedov,R (2709)-Le,Q (2737) Huaian 2017}) 8... a6 9. a4 {LiveBook: 4 Games} Bd6 10. Nb3 Nge7 11. Rd1 Qc7 12. Nbxd4 Nxd4 13. Rxd4 Bd7 $146 ({Predecessor:} 13... O-O 14. Bg5 h6 15. Bxe7 Bxe7 {1-0 (52) Zambor,N (2332)-Maros,M (2368) Slovakia 2012}) 14. Bd3 $1 Bc6 15. Rc4 Ng6 16. Be4 O-O 17. g3 Qd7 18. Bxc6 bxc6 19. Be3 Ne7 20. Bc5 Bxc5 21. Rxc5 Rfd8 22. b4 Qb7 23. c3 Rd5 24. Qc4 Rad8 25. Nd4 {[%cal Rd4c6]} Rxc5 26. Qxc5 h6 (26... Rd5 $11 27. Qc4 Qb6) 27. Qc4 Rd5 {[#]} ({Black should try} 27... c5 $14 28. bxc5 Qd5 29. Qxd5 (29. Qxa6 Qxc5 30. Qd3 e5 $11) 29... Nxd5) 28. Nb3 $1 $16 Qd7 (28... Qb6 $16) 29. Nc5 $18 Rd1+ 30. Rxd1 $2 (30. Kg2 $18 Qd8 31. Rxd1 Qxd1 32. Qxa6) 30... Qxd1+ $16 31. Qf1 Qc2 32. Qd3 Qc1+ (32... Qxd3 $16 33. Nxd3 Nd5) 33. Kg2 $18 Nd5 34. Nxa6 Nxc3 35. Qd8+ $2 (35. a5 $18) 35... Kh7 $14 36. Qd3+ $2 (36. Qd7 $14 Nxa4 37. Qxf7) 36... Kg8 $1 $18 37. Nc5 Nd5 38. Qd4 Qb1 39. Nd3 (39. a5 $16) 39... Qd1 $14 40. a5 {[#] Strongly threatening a6.} Nxb4 $1 41. Qxb4 Qxd3 42. Qb6 ({White should play} 42. h4 $14) 42... Qd5+ {The position is equal.} 43. Kg1 {h3 is the strong threat.} Qd1+ 44. Kg2 Qd5+ {Precision: White = 54%, Black = 45%.} 1/2-1/2

[Event "ESP-chT Div I 2018"]
[Site "Linares"]
[Date "2018.08.12"]
[Round "7"]
[White "Gascon Del Nogal, Jose Rafael"]
[Black "Pap, Misa"]
[Result "1/2-1/2"]
[WhiteElo "2476"]
[BlackElo "2478"]
[Annotator "ChessBase"]
[PlyCount "38"]
[EventDate "2018.08.06"]
[EventType "team-tourn"]
[EventCountry "ESP"]
[SourceTitle "playchess.com"]
[Source "ChessBase"]
[SourceQuality "1"]
[TimeControl "40/5400+30:1800+30"]

1. e4 {[%emt 0:00:00]} e5 {[%emt 0:02:50]} 2. Nf3 {[%emt 0:00:00]} Nc6 {[%emt 0:00:06]} 3. Bc4 {[%emt 0:00:00]} Nf6 {[%emt 0:01:42]} 4. d3 {[%emt 0:00:02]} Bc5 {[%emt 0:00:23]} 5. O-O {[%emt 0:00:17]} O-O {[%emt 0:00:21]} 6. h3 {[%emt 0:00:14]} a6 {[%emt 0:00:45]} 7. Re1 {[%emt 0:00:54]} d6 {[%emt 0:01:20]} 8. c3 {[%emt 0:00:33]} Ba7 {[%emt 0:01:12]} 9. a4 {[%emt 0:00:06]} b5 {[%emt 0:11:36]} 10. Bb3 {[%emt 0:06:07]} b4 {[%emt 0:00:15]} 11. a5 {[%emt 0:01:43]} Rb8 {[%emt 0:00:14]} 12. Bc4 {[%emt 0:00:50]} bxc3 {[%emt 0:12:14]} 13. bxc3 {[%emt 0:01:09]} Nxa5 {[%emt 0:06:15]} 14. Rxa5 {[%emt 0:00:06]} Rxb1 {[%emt 0:00:07]} 15. Qc2 {[%emt 0:04:34]} Rb8 {[%emt 0:06:57]} 16. d4 {[%emt 0:00:53]} Bb6 {[%emt 0:19:11]} 17. Ra3 {[%emt 0:02:17]} Qe7 {[%emt 0:05:44]} 18. Bxa6 {[%emt 0:00:30]} Bxa6 {[%emt 0:00:51]} 19. Rxa6 {[%emt 0:00:05]} Ra8 {[%emt 0:10:02]} 1/2-1/2

[Event "ESP-chT Div I 2018"]
[Site "Linares"]
[Date "2018.08.12"]
[Round "7"]
[White "Almagro Llamas, Pablo"]
[Black "Rivas Garcia, Victor"]
[Result "1-0"]
[WhiteElo "2442"]
[BlackElo "2217"]
[Annotator "NA"]
[PlyCount "161"]
[EventDate "2018.08.06"]
[EventType "team-tourn"]
[EventCountry "ESP"]
[SourceTitle "playchess.com"]
[Source "ChessBase"]
[SourceQuality "1"]
[TimeControl "40/5400+30:1800+30"]

1. d4 {[%emt 0:00:00]} f5 {[%emt 0:00:00]} 2. c4 {[%emt 0:00:00]} Nf6 {[%emt 0:00:00]} 3. Nc3 {[%emt 0:00:33]} d6 {[%emt 0:00:00]} 4. Bg5 {[%emt 0:00:34]} Nbd7 {[%emt 0:00:00]} 5. Qc2 {[%emt 0:03:55]} g6 {[%emt 0:01:02]} 6. O-O-O {[%emt 0:00:26]} Bg7 {[%emt 0:00:56]} 7. Nh3 {[%emt 0:01:10]} c6 {[%emt 0:07:01]} 8. Nf4 {[%emt 0:02:57]} Nf8 {[%emt 0:01:10]} 9. e4 {[%emt 0:17:27]} Ne6 {[%emt 0:08:28]} 10. Nxe6 {[%emt 0:01:56]} Bxe6 {[%emt 0:00:13]} 11. exf5 {[%emt 0:10:35]} Bxf5 {[%emt 0:00:17]} 12. Bd3 {[%emt 0:00:07]} Qa5 {[%emt 0:07:53]} 13. h4 {[%emt 0:02:38]} O-O-O {[%emt 0:04:57]} 14. f3 {[%emt 0:04:31]} Rde8 {[%emt 0:04:04]} 15. Rhe1 {[%emt 0:01:48]} Rhf8 {[%emt 0:02:48]} 16. g4 {[%emt 0:04:13]} Bd7 {[%emt 0:05:19]} 17. Kb1 {[%emt 0:04:02]} Rf7 {[%emt 0:06:55]} 18. Bd2 {[%emt 0:07:41]} Qc7 {[%emt 0:02:59]} 19. Be3 {[%emt 0:04:17]} Kb8 {[%emt 0:03:26]} 20. Qg2 {[%emt 0:04:07]} Qa5 {[%emt 0:04:31]} 21. Rh1 {[%emt 0:11:12]} Ref8 {[%emt 0:04:39]} 22. Ne2 {[%emt 0:06:49]} Ka8 {[%emt 0:13:54]} 23. Ng3 {[%emt 0:00:56]} Ne8 {[%emt 0:01:46]} 24. Rhf1 {[%emt 0:00:54]} e5 {[%emt 0:01:10]} 25. dxe5 {[%emt 0:01:48]} Qxe5 {[%emt 0:01:51]} 26. Bc1 {[%emt 0:00:09]} Nc7 {[%emt 0:02:09]} 27. h5 {[%emt 0:02:07]} gxh5 {[%emt 0:01:42]} 28. Nxh5 {[%emt 0:00:46]} Bh8 {[%emt 0:00:26]} 29. f4 {[%emt 0:00:32]} Qa5 {[%emt 0:01:29]} 30. f5 {[%emt 0:00:27]} d5 {[%emt 0:02:34]} 31. Nf4 {[%emt 0:01:34]} dxc4 {[%emt 0:01:25]} 32. Bxc4 {[%emt 0:00:14]} Re7 {[%emt 0:00:24]} 33. Ne6 {[%emt 0:01:27]} Rfe8 {[%emt 0:02:51]} 34. Bd2 {[%emt 0:02:43]} Qb6 {[%emt 0:00:37]} 35. Bg5 {[%emt 0:00:31]} Bxe6 {[%emt 0:03:27]} 36. fxe6 {[%emt 0:00:24]} Rg7 {[%emt 0:01:18]} 37. Rd8+ {[%emt 0:00:57]} Rxd8 {[%emt 0:00:08]} 38. Bxd8 {[%emt 0:00:05]} Qc5 {[%emt 0:01:50]} 39. Bxc7 {[%emt 0:01:15]} Rxc7 {[%emt 0:00:16]} 40. Qf2 {[%emt 0:01:31]} Qxf2 {[%emt 0:00:41]} 41. Rxf2 {[%emt 0:30:01]} Bg7 {[%emt 0:30:07]} 42. g5 {[%emt 0:00:27]} b5 {[%emt 0:00:34]} 43. Bd3 {[%emt 0:00:24]} h6 {[%emt 0:01:59]} 44. g6 {[%emt 0:00:06]} Kb7 {[%emt 0:00:43]} 45. Bf5 {[%emt 0:00:24]} Re7 {[%emt 0:00:19]} 46. Kc2 {[%emt 0:00:20]} Kc7 {[%emt 0:00:35]} 47. Rd2 {[%emt 0:00:15]} a5 {[%emt 0:00:23]} 48. Kd3 {[%emt 0:00:31]} Kb6 {[%emt 0:00:16]} 49. Ke4 {[%emt 0:00:09]} Kc7 {[%emt 0:00:13]} 50. b3 {[%emt 0:00:11]} Kb6 {[%emt 0:00:25]} 51. Bg4 {[%emt 0:01:33]} Kc7 {[%emt 0:00:10]} 52. Kf5 {[%emt 0:00:23]} c5 {[%emt 0:01:27]} 53. Be2 {[%emt 0:00:19]} b4 {[%emt 0:01:42]} 54. Rd5 {[%emt 0:00:59]} Kc6 {[%emt 0:00:52]} 55. Rd8 {[%emt 0:00:17]} Kc7 {[%emt 0:00:26]} 56. Ra8 {[%emt 0:00:49]} Kb6 {[%emt 0:00:14]} 57. Ra6+ {[%emt 0:00:26]} Kb7 {[%emt 0:00:05]} 58. Rxa5 {[%emt 0:00:09]} Kb6 {[%emt 0:00:02]} 59. Rb5+ {[%emt 0:00:21]} Kc6 {[%emt 0:00:07]} 60. Rb8 {[%emt 0:00:11]} Ra7 {[%emt 0:00:48]} 61. Rd8 {[%emt 0:01:08]} Re7 {[%emt 0:00:21]} 62. Bc4 {[%emt 0:00:30]} Kc7 {[%emt 0:00:19]} 63. Rg8 {[%emt 0:00:45]} Bd4 {[%emt 0:00:41]} 64. Ra8 {[%emt 0:00:36]} Kb7 {[%emt 0:01:19]} 65. Bd5+ {[%emt 0:00:29]} Kc7 {[%emt 0:00:20]} 66. Bf3 {[%emt 0:00:51]} Bg7 {[%emt 0:01:03]} 67. Bg4 {[%emt 0:00:17]} Kb7 {[%emt 0:00:14]} 68. Rg8 {[%emt 0:00:15]} Bd4 {[%emt 0:00:10]} 69. Ke4 {[%emt 0:00:32]} Kc6 {[%emt 0:00:39]} 70. Rc8+ {[%emt 0:00:38]} Kb7 {[%emt 0:00:29]} 71. Rd8 {[%emt 0:00:23]} Kc7 {[%emt 0:00:25]} 72. Rf8 {[%emt 0:00:52]} Bg7 {[%emt 0:00:39]} 73. Rg8 {[%emt 0:00:11]} Kd6 {[%emt 0:00:26]} 74. Ra8 {[%emt 0:00:18]} Bd4 {[%emt 0:00:51]} 75. Ra6+ {[%emt 0:00:13]} Kc7 {[%emt 0:00:17]} 76. Kd5 {[%emt 0:00:15]} Kb7 {[%emt 0:00:18]} 77. Rd6 {[%emt 0:00:23]} Kc7 {[%emt 0:00:18]} 78. Rd7+ {[%emt 0:00:28]} Rxd7+ {[%emt 0:00:07]} 79. exd7 {[%emt 0:00:02]} h5 {[%emt 0:01:29]} 80. Bh3 {[%emt 0:00:06]} Kd8 {[%emt 0:00:39]} 81. Ke6 {[%emt 0:00:08]} 1-0

[Event "ESP-chT Div I 2018"]
[Site "Linares"]
[Date "2018.08.12"]
[Round "7"]
[White "Gonzalez De La Torre, Santiago"]
[Black "Gonzalez Merino, Alberto"]
[Result "1-0"]
[WhiteElo "2434"]
[BlackElo "2199"]
[Annotator "NA"]
[PlyCount "101"]
[EventDate "2018.08.06"]
[EventType "team-tourn"]
[EventCountry "ESP"]
[SourceTitle "playchess.com"]
[Source "ChessBase"]
[SourceQuality "1"]
[TimeControl "40/5400+30:1800+30"]

1. e4 {[%emt 0:00:00]} e6 {[%emt 0:00:19]} 2. d4 {[%emt 0:00:00]} d5 {[%emt 0:00:15]} 3. Nc3 {[%emt 0:00:00]} dxe4 {[%emt 0:00:50]} 4. Nxe4 {[%emt 0:00:00]} Bd7 {[%emt 0:00:04]} 5. Nf3 {[%emt 0:00:27]} Bc6 {[%emt 0:00:24]} 6. Neg5 {[%emt 0:00:08]} Be7 {[%emt 0:19:18]} 7. Ne5 {[%emt 0:01:10]} Bxg5 {[%emt 0:07:30]} 8. Qh5 {[%emt 0:00:12]} g6 {[%emt 0:01:17]} 9. Qxg5 {[%emt 0:00:11]} Qxg5 {[%emt 0:13:41]} 10. Bxg5 {[%emt 0:00:11]} Be4 {[%emt 0:00:21]} 11. f3 {[%emt 0:02:58]} Bc6 {[%emt 0:18:50]} 12. O-O-O {[%emt 0:02:21]} Nd7 {[%emt 0:06:17]} 13. Bf4 {[%emt 0:06:29]} Ne7 {[%emt 0:08:21]} 14. Nxc6 {[%emt 0:00:55]} Nxc6 {[%emt 0:00:13]} 15. Bxc7 {[%emt 0:00:12]} O-O {[%emt 0:01:00]} 16. Kb1 {[%emt 0:11:42]} Rac8 {[%emt 0:00:57]} 17. Bg3 {[%emt 0:00:08]} Nb6 {[%emt 0:00:50]} 18. c4 {[%emt 0:05:52]} Rfd8 {[%emt 0:02:05]} 19. Bf2 {[%emt 0:00:11]} Rc7 {[%emt 0:02:01]} 20. Be2 {[%emt 0:00:43]} Rcd7 {[%emt 0:01:24]} 21. Bh4 {[%emt 0:00:09]} Ne7 {[%emt 0:04:25]} 22. Bf6 {[%emt 0:02:46]} Kf8 {[%emt 0:00:03]} 23. Rd2 {[%emt 0:01:43]} Rc8 {[%emt 0:00:17]} 24. Rc1 {[%emt 0:00:49]} Ng8 {[%emt 0:00:15]} 25. Bg5 {[%emt 0:01:17]} f6 {[%emt 0:02:57]} 26. Be3 {[%emt 0:01:15]} Ne7 {[%emt 0:00:03]} 27. g4 {[%emt 0:00:34]} Rcd8 {[%emt 0:00:55]} 28. Rcd1 {[%emt 0:00:38]} Kg7 {[%emt 0:01:04]} 29. b3 {[%emt 0:01:33]} g5 {[%emt 0:01:32]} 30. Kb2 {[%emt 0:05:28]} Ng6 {[%emt 0:02:07]} 31. Bf1 {[%emt 0:00:10]} Nf4 {[%emt 0:00:11]} 32. h4 {[%emt 0:00:13]} h6 {[%emt 0:00:08]} 33. a4 {[%emt 0:00:19]} Nc8 {[%emt 0:01:58]} 34. a5 {[%emt 0:08:10]} Kf8 {[%emt 0:00:01]} 35. Kc3 {[%emt 0:01:38]} Rc7 {[%emt 0:02:02]} 36. Kb2 {[%emt 0:04:44]} Rcd7 {[%emt 0:00:12]} 37. b4 {[%emt 0:00:29]} Ke8 {[%emt 0:00:28]} 38. b5 {[%emt 0:01:43]} Rc7 {[%emt 0:02:37]} 39. Kb3 {[%emt 0:00:41]} b6 {[%emt 0:00:14]} 40. hxg5 {[%emt 0:06:51]} hxg5 {[%emt 0:00:01]} 41. Rh2 {[%emt 0:30:17]} Rf7 {[%emt 0:30:05]} 42. axb6 {[%emt 0:00:47]} Nxb6 {[%emt 0:01:16]} 43. Ra1 {[%emt 0:00:15]} Rdd7 {[%emt 0:00:37]} 44. Bxf4 {[%emt 0:02:54]} gxf4 {[%emt 0:00:02]} 45. c5 {[%emt 0:00:08]} Nd5 {[%emt 0:00:40]} 46. b6 {[%emt 0:00:09]} Rb7 {[%emt 0:01:45]} 47. Rh8+ {[%emt 0:00:35]} Rf8 {[%emt 0:00:54]} 48. Bb5+ {[%emt 0:00:14]} Ke7 {[%emt 0:00:05]} 49. Rh7+ {[%emt 0:00:53]} Rf7 {[%emt 0:00:01]} 50. Rxf7+ {[%emt 0:00:09]} Kxf7 {[%emt 0:00:02]} 51. Rxa7 {[%emt 0:00:09]} 1-0

[Event "ESP-chT Div I 2018"]
[Site "Linares"]
[Date "2018.08.12"]
[Round "7"]
[White "Plazuelo Pascual, Juan"]
[Black "Alonso Moyano, Jonathan"]
[Result "1-0"]
[WhiteElo "2429"]
[BlackElo "2388"]
[Annotator "NA"]
[PlyCount "141"]
[EventDate "2018.08.06"]
[EventType "team-tourn"]
[EventCountry "ESP"]
[SourceTitle "playchess.com"]
[Source "ChessBase"]
[SourceQuality "1"]
[TimeControl "40/5400+30:1800+30"]

1. d4 {[%emt 0:00:00]} f5 {[%emt 0:00:00]} 2. Nc3 {[%emt 0:00:00]} Nf6 {[%emt 0:00:00]} 3. Bg5 {[%emt 0:00:00]} d5 {[%emt 0:00:13]} 4. e3 {[%emt 0:00:00]} e6 {[%emt 0:00:59]} 5. g4 {[%emt 0:00:05]} Be7 {[%emt 0:02:39]} 6. gxf5 {[%emt 0:00:16]} exf5 {[%emt 0:00:05]} 7. Qf3 {[%emt 0:01:08]} c6 {[%emt 0:01:15]} 8. Bxf6 {[%emt 0:00:11]} Bxf6 {[%emt 0:00:07]} 9. h4 {[%emt 0:00:03]} g6 {[%emt 0:09:14]} 10. Qg3 {[%emt 0:08:22]} Be6 {[%emt 0:05:38]} 11. O-O-O {[%emt 0:02:17]} Nd7 {[%emt 0:00:44]} 12. Nge2 {[%emt 0:07:07]} Qe7 {[%emt 0:01:07]} 13. Nf4 {[%emt 0:00:32]} O-O-O {[%emt 0:04:30]} 14. Bd3 {[%emt 0:01:41]} Bf7 {[%emt 0:03:12]} 15. Rdg1 {[%emt 0:05:02]} Rhg8 {[%emt 0:04:10]} 16. Nb1 {[%emt 0:15:17]} Bh8 {[%emt 0:13:00]} 17. Nd2 {[%emt 0:08:27]} Nf6 {[%emt 0:07:16]} 18. Qh2 {[%emt 0:07:25]} Ne4 {[%emt 0:09:17]} 19. c3 {[%emt 0:06:00]} h6 {[%emt 0:08:53]} 20. Ne2 {[%emt 0:03:35]} Bf6 {[%emt 0:08:46]} 21. Qf4 {[%emt 0:05:28]} Be6 {[%emt 0:14:29]} 22. Qh2 {[%emt 0:03:35]} g5 {[%emt 0:00:45]} 23. hxg5 {[%emt 0:00:53]} hxg5 {[%emt 0:00:02]} 24. Qg2 {[%emt 0:02:39]} Rh8 {[%emt 0:01:22]} 25. Nf3 {[%emt 0:03:51]} g4 {[%emt 0:01:51]} 26. Ne5 {[%emt 0:01:08]} Rxh1 {[%emt 0:02:26]} 27. Rxh1 {[%emt 0:00:04]} Bxe5 {[%emt 0:00:27]} 28. dxe5 {[%emt 0:00:18]} Qg7 {[%emt 0:00:30]} 29. Qh2 {[%emt 0:06:33]} Bd7 {[%emt 0:00:21]} 30. Nd4 {[%emt 0:04:16]} g3 {[%emt 0:00:06]} 31. fxg3 {[%emt 0:01:09]} Qxe5 {[%emt 0:00:14]} 32. Bxe4 {[%emt 0:00:33]} fxe4 {[%emt 0:00:15]} 33. Ne2 {[%emt 0:00:16]} Bg4 {[%emt 0:00:51]} 34. Nf4 {[%emt 0:00:28]} Rg8 {[%emt 0:00:55]} 35. Qh7 {[%emt 0:01:49]} Qg7 {[%emt 0:00:29]} 36. Qxg7 {[%emt 0:02:39]} Rxg7 {[%emt 0:00:01]} 37. Kd2 {[%emt 0:00:07]} b5 {[%emt 0:01:40]} 38. Ke1 {[%emt 0:00:23]} b4 {[%emt 0:00:31]} 39. cxb4 {[%emt 0:00:37]} Bf3 {[%emt 0:00:31]} 40. Rh8+ {[%emt 0:00:05]} Kb7 {[%emt 0:00:04]} 41. Kf2 {[%emt 0:30:11]} Bg4 {[%emt 0:30:41]} 42. Rh6 {[%emt 0:00:35]} Bd7 {[%emt 0:00:46]} 43. Rg6 {[%emt 0:01:26]} Rf7 {[%emt 0:00:22]} 44. Kg2 {[%emt 0:00:32]} Kb6 {[%emt 0:00:40]} 45. Nxd5+ {[%emt 0:00:49]} Kb5 {[%emt 0:00:01]} 46. Nc3+ {[%emt 0:01:06]} Kxb4 {[%emt 0:00:15]} 47. Rd6 {[%emt 0:01:03]} c5 {[%emt 0:00:37]} 48. Nxe4 {[%emt 0:00:30]} Bc8 {[%emt 0:00:34]} 49. Nf6 {[%emt 0:01:07]} c4 {[%emt 0:00:42]} 50. e4 {[%emt 0:00:26]} Bb7 {[%emt 0:00:35]} 51. Re6 {[%emt 0:00:54]} Kc5 {[%emt 0:00:33]} 52. g4 {[%emt 0:01:39]} Bc8 {[%emt 0:00:48]} 53. Re5+ {[%emt 0:00:01]} Kd4 {[%emt 0:00:21]} 54. Rd5+ {[%emt 0:00:06]} Ke3 {[%emt 0:00:04]} 55. g5 {[%emt 0:00:22]} Rb7 {[%emt 0:00:13]} 56. Rc5 {[%emt 0:01:15]} Rxb2+ {[%emt 0:00:07]} 57. Kg3 {[%emt 0:00:02]} Be6 {[%emt 0:00:40]} 58. Rc6 {[%emt 0:00:19]} Rb6 {[%emt 0:00:18]} 59. Nd5+ {[%emt 0:00:24]} Bxd5 {[%emt 0:00:52]} 60. exd5 {[%emt 0:00:04]} Ke4 {[%emt 0:01:18]} 61. Rxc4+ {[%emt 0:02:21]} Kxd5 {[%emt 0:00:01]} 62. Rf4 {[%emt 0:00:20]} Ke5 {[%emt 0:00:47]} 63. Rf2 {[%emt 0:00:20]} a5 {[%emt 0:00:42]} 64. Kg4 {[%emt 0:00:33]} Rb4+ {[%emt 0:00:29]} 65. Kh5 {[%emt 0:00:04]} Rb1 {[%emt 0:00:24]} 66. g6 {[%emt 0:00:18]} Rh1+ {[%emt 0:00:36]} 67. Kg5 {[%emt 0:00:03]} Rg1+ {[%emt 0:00:07]} 68. Kh6 {[%emt 0:00:05]} Rh1+ {[%emt 0:00:32]} 69. Kg7 {[%emt 0:00:03]} a4 {[%emt 0:00:28]} 70. Kf7 {[%emt 0:00:19]} Rb1 {[%emt 0:00:50]} 71. g7 {[%emt 0:00:10]} 1-0

[Event "ESP-chT Div I 2018"]
[Site "Linares"]
[Date "2018.08.12"]
[Round "7"]
[White "Barbot, Pierre"]
[Black "Moreno Ruiz, Javier"]
[Result "1-0"]
[WhiteElo "2420"]
[BlackElo "2450"]
[Annotator "ChessBase"]
[PlyCount "117"]
[EventDate "2018.08.06"]
[EventType "team-tourn"]
[EventCountry "ESP"]
[SourceTitle "playchess.com"]
[Source "ChessBase"]
[SourceQuality "1"]
[TimeControl "40/5400+30:1800+30"]

1. d4 {[%emt 0:02:33]} Nf6 {[%emt 0:00:00]} 2. c4 {[%emt 0:00:03]} e6 {[%emt 0:00:00]} 3. Nf3 {[%emt 0:00:03]} d5 {[%emt 0:00:00]} 4. Nc3 {[%emt 0:00:04]} Bb4 {[%emt 0:00:05]} 5. Bg5 {[%emt 0:00:04]} Nbd7 {[%emt 0:02:28]} 6. cxd5 {[%emt 0:00:05]} exd5 {[%emt 0:00:04]} 7. e3 {[%emt 0:00:03]} c5 {[%emt 0:00:05]} 8. Bd3 {[%emt 0:00:04]} Qa5 {[%emt 0:00:09]} 9. O-O {[%emt 0:00:03]} c4 {[%emt 0:00:27]} 10. Bf5 {[%emt 0:00:04]} O-O {[%emt 0:00:12]} 11. Qc1 {[%emt 0:00:01]} Re8 {[%emt 0:03:31]} 12. Bh4 {[%emt 0:00:20]} Bxc3 {[%emt 0:06:52]} 13. Qxc3 {[%emt 0:00:05]} Qxc3 {[%emt 0:00:14]} 14. bxc3 {[%emt 0:00:04]} Ne4 {[%emt 0:00:26]} 15. Bxe4 {[%emt 0:00:05]} Rxe4 {[%emt 0:01:29]} 16. Rfb1 {[%emt 0:00:22]} b6 {[%emt 0:01:36]} 17. a4 {[%emt 0:00:43]} a5 {[%emt 0:10:37]} 18. Bg3 {[%emt 0:00:05]} Re6 {[%emt 0:01:08]} 19. Rb5 {[%emt 0:20:02]} Bb7 {[%emt 0:01:28]} 20. Ne5 {[%emt 0:00:04]} Nf6 {[%emt 0:22:55]} 21. Rab1 {[%emt 0:08:24]} Ne4 {[%emt 0:06:24]} 22. Rxb6 {[%emt 0:00:36]} Rxb6 {[%emt 0:00:13]} 23. Rxb6 {[%emt 0:00:10]} Bc8 {[%emt 0:00:12]} 24. f3 {[%emt 0:19:50]} Nxc3 {[%emt 0:00:12]} 25. Rd6 {[%emt 0:00:04]} Be6 {[%emt 0:00:43]} 26. Be1 {[%emt 0:00:40]} Nxa4 {[%emt 0:00:36]} 27. e4 {[%emt 0:00:04]} c3 {[%emt 0:19:51]} 28. exd5 {[%emt 0:00:26]} c2 {[%emt 0:00:20]} 29. Bd2 {[%emt 0:00:21]} Bf5 {[%emt 0:00:18]} 30. g4 {[%emt 0:01:29]} Bg6 {[%emt 0:01:11]} 31. Rc6 {[%emt 0:00:34]} f6 {[%emt 0:02:57]} 32. Nxg6 {[%emt 0:00:56]} hxg6 {[%emt 0:00:04]} 33. Rxc2 {[%emt 0:07:47]} Nb6 {[%emt 0:00:17]} 34. d6 {[%emt 0:00:05]} Kf7 {[%emt 0:00:35]} 35. Rc7+ {[%emt 0:02:34]} Ke6 {[%emt 0:00:16]} 36. Rxg7 {[%emt 0:00:09]} g5 {[%emt 0:00:42]} 37. Rb7 {[%emt 0:01:35]} Nc4 {[%emt 0:02:19]} 38. Bc3 {[%emt 0:00:35]} Nxd6 {[%emt 0:01:05]} 39. Rb6 {[%emt 0:00:30]} Kd5 {[%emt 0:00:28]} 40. Kf2 {[%emt 0:01:01]} a4 {[%emt 0:04:52]} 41. Bb4 {[%emt 0:32:45]} Nc4 {[%emt 0:31:46]} 42. Rxf6 {[%emt 0:00:12]} Kxd4 {[%emt 0:03:58]} 43. Rf5 {[%emt 0:05:56]} a3 {[%emt 0:03:44]} 44. Bc5+ {[%emt 0:04:24]} Kc3 {[%emt 0:02:25]} 45. Bxa3 {[%emt 0:00:04]} Rxa3 {[%emt 0:00:09]} 46. Rxg5 {[%emt 0:00:05]} Kd4 {[%emt 0:01:18]} 47. h4 {[%emt 0:00:34]} Ne3 {[%emt 0:01:34]} 48. Rg8 {[%emt 0:02:52]} Ra2+ {[%emt 0:00:34]} 49. Kg3 {[%emt 0:00:06]} Rg2+ {[%emt 0:00:56]} 50. Kf4 {[%emt 0:02:00]} Rh2 {[%emt 0:00:35]} 51. h5 {[%emt 0:00:40]} Rh3 {[%emt 0:00:16]} 52. Rf8 {[%emt 0:01:13]} Nd5+ {[%emt 0:00:43]} 53. Kg5 {[%emt 0:00:06]} Ke5 {[%emt 0:00:07]} 54. h6 {[%emt 0:02:21]} Ne7 {[%emt 0:00:56]} 55. f4+ {[%emt 0:00:12]} Ke6 {[%emt 0:00:32]} 56. f5+ {[%emt 0:00:05]} Kd7 {[%emt 0:00:12]} 57. f6 {[%emt 0:02:36]} Nd5 {[%emt 0:00:50]} 58. f7 {[%emt 0:00:35]} Ke7 59. Rd8 1-0

[Event "ESP-chT Div I 2018"]
[Site "Linares"]
[Date "2018.08.12"]
[Round "7"]
[White "Argandona Riveiro, Inigo"]
[Black "Prado Acebo, Ines"]
[Result "1-0"]
[WhiteElo "2415"]
[BlackElo "2084"]
[Annotator "TA"]
[PlyCount "51"]
[EventDate "2018.08.06"]
[EventType "team-tourn"]
[EventCountry "ESP"]
[SourceTitle "playchess.com"]
[Source "ChessBase"]
[SourceQuality "1"]

{[%evp 14,51,31,36,62,9,25,0,0,-17,-6,-14,-8,-31,39,37,62,52,53,16,24,0,0,0,50,14,90,40,45,43,147,125,171,170,224,186,350,342,529,466]} 1. Nf3 d5 2. d4 Nf6 3. c4 e6 4. g3 Be7 5. Bg2 O-O 6. Qc2 a6 7. Nbd2 {E06: Katalanisch} (7. Bf4 dxc4 8. Qxc4 Bd6 9. Ne5 Nd5 10. Nc3 Nxf4 11. gxf4 Nd7 12. e3 Nb6 13. Qb3 f5 14. h4 a5 15. a3 c6 16. h5 {1-0 (55) Vitiugov,N (2729)-Fedoseev,V (2684) Karlsruhe 2017}) 7... dxc4 8. Nxc4 {LiveBook: 17 Partien} b5 9. Nce5 (9. Na5 $14) 9... Bb7 $11 10. Bd2 Be4 11. Qc1 Nfd7 $146 ({Vorgänger:} 11... Qc8 12. b4 Qb7 13. O-O Rd8 14. Rd1 Nbd7 {½-½ (54) Tosic,M (2495)-Vulinovic,R (2219) Herceg Novi 2002}) 12. Nxd7 Qxd7 13. O-O Ra7 (13... Qd5 $15) 14. Ne5 $36 {[%mdl 2048] Weiss hat Druck.} Qd5 15. f3 c5 16. e3 cxd4 17. fxe4 (17. exd4 {keeps more tension.} Bf5 18. g4 Bg6 19. Bf4 Qb7 20. Bg3) 17... Qxe5 18. exd4 Qd6 {[#] zielt auf ...Tc7 ab.} 19. Bf4 Qd7 (19... Qxd4+ $11 20. Be3 Qd7) 20. d5 exd5 21. exd5 {[%cal Be4d5,Bd5d6][%mdl 32]} Bf6 (21... Qd8 $14) 22. Kh1 a5 {[#]} 23. Qd2 $1 Rd8 (23... b4 $142 24. Rac1 Qb5) 24. Rac1 $18 Na6 $2 (24... b4 25. d6 Ra6) 25. d6 ({Nicht} 25. Qxa5 Nb8 $16) 25... Rc8 (25... Nb8 $142 26. Rfe1 h6) 26. Be3 {Precision: Weiß = 46%, Schwarz = 26%.} 1-0

[Event "ESP-chT Div I 2018"]
[Site "Linares"]
[Date "2018.08.12"]
[Round "7"]
[White "Bernal Moro, Luis Javier"]
[Black "Naiditsch, Arkadij"]
[Result "0-1"]
[WhiteElo "2413"]
[BlackElo "2711"]
[Annotator "TA"]
[PlyCount "44"]
[EventDate "2018.08.06"]
[EventType "team-tourn"]
[EventCountry "ESP"]
[SourceTitle "playchess.com"]
[Source "ChessBase"]
[SourceQuality "1"]

{[%evp 23,44,13,0,-5,23,-26,-12,-23,-34,-48,-19,-40,-6,-70,-58,-97,-106,-89,-95,-136,-141,-293,-296]} 1. c4 e5 2. Nc3 Nc6 3. Nf3 g6 4. d4 exd4 5. Nxd4 Bg7 6. Nxc6 bxc6 7. g3 Rb8 8. Bg2 Ne7 9. O-O O-O 10. Qa4 d6 {A27: English Opening: Three Knights Variation} 11. c5 (11. Rd1 c5 12. Qc2 Bf5 13. Qd2 a5 14. b3 a4 15. bxa4 Nc8 16. Bb2 Nb6 17. Bd5 c6 18. a5 Nxd5 19. cxd5 cxd5 {0-1 (45) Tomashevsky,E (2708)-Nguyen,N (2617) Biel 2010 CBM 138 [Ftacnik,L]}) 11... Be6 12. Rd1 d5 {LiveBook: 3 Games. The position is equal.} 13. e4 Re8 $146 ({Predecessor:} 13... Qc8 14. Bg5 f6 15. Bf4 dxe4 16. Qxe4 Nd5 17. Nxd5 Bxd5 18. Qa4 Rxb2 19. Bxd5+ cxd5 {1-0 (32) Fraczek,D (2423)-Dragun,K (2461) Legnica 2012}) 14. Qc2 Qc8 15. Be3 dxe4 16. Bxe4 Rb4 17. Rab1 Bf5 {...Rxe4! is the strong threat.} 18. f3 {[#]} (18. Re1 $11) 18... Nd5 $1 $36 {[%mdl 2560] Black has good play.} 19. Bxf5 (19. Nxd5 Bxe4) 19... Nxe3 20. Bxc8 Nxc2 21. Bd7 Reb8 22. Ne4 $2 {[#]} (22. Rd2 $17 Ne3 23. Re1) 22... Bxb2 {Precision: White = 24%, Black = 63%.} 0-1